US States in Dots - Statistics

General Stats
  • This quiz has been taken 666 times
  • The average score is 14 of 16
Answer Stats
Picture Answer % Correct
Florida
100%
Texas
97%
Idaho
93%
Oklahoma
93%
Nevada
91%
Minnesota
87%
New York
87%
Illinois
86%
Louisiana
86%
Utah
86%
Kentucky
82%
Washington
81%
Virginia
80%
Missouri
76%
Montana
76%
Maryland
63%
No matching quizzes found
Score Distribution
Percent of People with Each Score
Percentile by Number Answered
Your Score History
You have not taken this quiz